Komentár k zákonu o reklame. 4

Záverečná časť seriálu o zákone o reklame s komentárom. Výkon dozoru. Združenie na ochranu etiky v reklame. Zrušovacie ustanovenia.

Guardado en:
Detalles Bibliográficos
Autor principal: Blahušiak, P.
Formato: Capítulo de libro
Lenguaje:eslovaco
Materias:
Etiquetas: Agregar Etiqueta
Sin Etiquetas, Sea el primero en etiquetar este registro!

MARC

LEADER 00000naa a2200000 4500
001 r023633
005 20230922094006.4
041 0 |a slo 
044 |a SK 
245 1 0 |a Komentár k zákonu o reklame. 4  |c P. Blahušiak 
520 |a Záverečná časť seriálu o zákone o reklame s komentárom. Výkon dozoru. Združenie na ochranu etiky v reklame. Zrušovacie ustanovenia. 
610 2 0 |a zákony 
610 2 0 |a Slovensko 
610 2 0 |a 1996 
610 2 0 |a reklama 
610 2 0 |a komentáre 
610 2 0 |a etika 
100 1 |a Blahušiak, P.